[Event "Serpiano op"]
[Site "Serpiano"]
[Date "2022.04.01"]
[Round "1"]
[White "Sala, Matteo"]
[Black "Mastroddi, Emiliano"]
[Result "1-0"]
[WhiteElo "1552"]
[BlackElo "2013"]
[PlyCount "87"]
[EventDate "2022.04.01"]
[EventType "swiss"]
[EventRounds "5"]
[EventCountry "SUI"]
[SourceTitle "CBM 207 Extra"]
[Source "ChessBase"]
[SourceDate "2022.05.31"]
[SourceVersion "1"]
[SourceVersionDate "2022.05.31"]
[SourceQuality "1"]

1. e4 c5 2. Nf3 d6 3. d4 cxd4 4. Nxd4 Nf6 5. Nc3 g6 6. f3 Bg7 7. Be3 Nc6 8. Bc4 0-0 9. Qd2 Bd7 10. 0-0-0 Rc8 11. Nxc6 Rxc6 12. Bb3 Qa5 13. Nd5 Qxd2+ 14. Rxd2 Nxd5 15. exd5 Rc7 16. Re2 Bb5 17. Ree1 b6 18. Bg5 Bf6 19. Bxf6 exf6 20. Re3 Re8 21. Rhe1 Rxe3 22. Rxe3 Kf8 23. Kd2 f5 24. c4 Bxc4 25. Rc3 b5 26. Bxc4 bxc4 27. b3 Rc5 28. bxc4 Ra5 29. a3 Ke7 30. f4 Kd7 31. Kc2 Ra6 32. Rh3 h5 33. Rb3 Kc7 34. Kb2 Ra4 35. Rb4 Ra5 36. Kb3 Ra6 37. Rb5 Kc8 38. Kb4 Kc7 39. a4 Kc8 40. a5 Kc7 41. Ka4 Kc8 42. Rb3 Kc7 43. Kb5 Kb7 44. Re3 1-0

[Event "Prague op-A 18th"]
[Site "Prague"]
[Date "2019.01.17"]
[Round "8"]
[White "Chernyak, Viktoria"]
[Black "Mastroddi, Emiliano"]
[Result "1/2-1/2"]
[WhiteElo "2186"]
[BlackElo "2058"]
[PlyCount "42"]
[EventDate "2019.01.11"]
[EventType "swiss"]
[EventRounds "9"]
[EventCountry "CZE"]
[SourceTitle "CBM 188 Extra"]
[Source "ChessBase"]
[SourceDate "2019.02.26"]
[SourceVersion "1"]
[SourceVersionDate "2019.02.26"]
[SourceQuality "1"]

1. Nf3 Nf6 2. c4 e6 3. g3 b6 4. Bg2 Bb7 5. 0-0 c5 6. b3 Be7 7. Bb2 0-0 8. Bc3 d6 9. d4 cxd4 10. Qxd4 a6 11. Rd1 Qc7 12. e4 Nbd7 13. Kh1 Rfd8 14. Nh4 Rac8 15. f4 Qc5 16. Qd3 b5 17. cxb5 axb5 18. Rc1 Qb6 19. Qe2 Nc5 20. b4 Ncxe4 21. Re1 Nxc3 1/2-1/2

[Event "ITA-ch semiblitz"]
[Site "Chianciano Terme"]
[Date "2018.04.02"]
[Round "4"]
[White "Mastroddi, Emiliano"]
[Black "Sibilio, Mario"]
[Result "0-1"]
[WhiteElo "2011"]
[BlackElo "2325"]
[PlyCount "52"]
[EventDate "2018.04.02"]
[EventType "swiss (rapid)"]
[EventRounds "9"]
[EventCountry "ITA"]
[SourceTitle "CBM 183 Extra"]
[Source "ChessBase"]
[SourceDate "2018.04.19"]
[SourceVersion "1"]
[SourceVersionDate "2018.04.19"]
[SourceQuality "1"]

1. d4 Nf6 2. Bf4 d6 3. Nc3 Nbd7 4. Nf3 c5 5. e3 g6 6. Bb5 a6 7. Bxd7+ Nxd7 8. h4 h6 9. Qd2 Bg7 10. 0-0-0 b5 11. e4 cxd4 12. Nxd4 Bb7 13. Be3 Ne5 14. b3 Ng4 15. h5 Nxe3 16. Qxe3 g5 17. f4 gxf4 18. Qxf4 Be5 19. Qf3 e6 20. Rhf1 Qe7 21. Qh3 Rg8 22. Nce2 Bxe4 23. Qe3 Bxg2 24. Rg1 Qg5 25. Qxg5 Rxg5 26. Nc6 Bxc6 0-1

[Event "ITA-ch blitz"]
[Site "Chianciano Terme"]
[Date "2018.04.01"]
[Round "11"]
[White "Mogranzini, Roberto"]
[Black "Mastroddi, Emiliano"]
[Result "1-0"]
[WhiteElo "2486"]
[BlackElo "2011"]
[PlyCount "73"]
[EventDate "2018.04.01"]
[EventType "swiss (blitz)"]
[EventRounds "11"]
[EventCountry "ITA"]
[SourceTitle "CBM 183 Extra"]
[Source "ChessBase"]
[SourceDate "2018.04.19"]
[SourceVersion "1"]
[SourceVersionDate "2018.04.19"]
[SourceQuality "1"]

1. c4 c5 2. g3 g6 3. Bg2 Bg7 4. Nc3 Nc6 5. Nf3 Nf6 6. d4 cxd4 7. Nxd4 Nxd4 8. Qxd4 0-0 9. 0-0 d6 10. Qd3 a6 11. Bd2 Rb8 12. Rac1 Bf5 13. e4 Bd7 14. b3 b5 15. cxb5 axb5 16. Rfe1 b4 17. Nd5 Nxd5 18. exd5 Bf5 19. Be4 Bxe4 20. Rxe4 Re8 21. Rxb4 Rxb4 22. Bxb4 Qb6 23. Bc3 Rc8 24. Bd2 Ra8 25. Be3 Qb4 26. a4 Rb8 27. Kg2 h5 28. Rc4 Qb7 29. a5 Kh7 30. Ra4 Ra8 31. a6 Qc8 32. a7 Bf6 33. b4 Qb7 34. b5 e5 35. b6 Bd8 36. Qb5 Kg7 37. Qc6 1-0

[Event "Arco op 38th"]
[Site "Arco"]
[Date "2016.10.16"]
[Round "9"]
[White "Mastroddi, Emiliano"]
[Black "Klein, Gernot"]
[Result "1-0"]
[WhiteElo "2045"]
[BlackElo "1818"]
[PlyCount "97"]
[EventDate "2016.10.08"]
[EventType "swiss"]
[EventRounds "9"]
[EventCountry "ITA"]
[SourceTitle "EXT 2017"]
[Source "ChessBase"]
[SourceDate "2016.10.25"]
[SourceVersion "1"]
[SourceVersionDate "2016.10.25"]
[SourceQuality "1"]

1. e4 c5 2. Nf3 e6 3. d4 cxd4 4. Nxd4 a6 5. Bd3 Bc5 6. Nb3 Be7 7. 0-0 d6 8. Qg4 g6 9. Qe2 Nd7 10. Bd2 Ngf6 11. Kh1 0-0 12. f4 Qc7 13. Nc3 b5 14. a3 Bb7 15. Rae1 Rac8 16. f5 exf5 17. exf5 Ne5 18. Nd4 Rfe8 19. Bg5 Nh5 20. f6 Nxf6 21. Bxb5 axb5 22. Bxf6 Bxf6 23. Rxf6 Ng4 24. Qxe8+ Rxe8 25. Rxe8+ Kg7 26. Rf4 Ne5 27. Ncxb5 Qd7 28. Rb8 Nc6 29. Nxd6 Qxd6 30. Rxb7 Nd8 31. Rb4 Nc6 32. Rc4 Qe5 33. Nf3 Qxb2 34. g3 Ne5 35. Rc7 Kg8 36. Nxe5 Qxe5 37. Rcxf7 Qe1+ 38. Kg2 Qe2+ 39. Rf2 Qe4+ 40. R7f3 Kg7 41. h3 h5 42. h4 Kh7 43. Kh2 Kh6 44. Rf7 Qa4 45. Re7 Qc4 46. Rff7 Qxc2+ 47. Kh3 Qc8+ 48. Rd7 g5 49. Rf6# 1-0

[Event "Arco op 38th"]
[Site "Arco"]
[Date "2016.10.13"]
[Round "6"]
[White "Lezzerini, Marco"]
[Black "Mastroddi, Emiliano"]
[Result "1/2-1/2"]
[WhiteElo "2112"]
[BlackElo "2045"]
[PlyCount "59"]
[EventDate "2016.10.08"]
[EventType "swiss"]
[EventRounds "9"]
[EventCountry "ITA"]
[SourceTitle "EXT 2017"]
[Source "ChessBase"]
[SourceDate "2016.10.25"]
[SourceVersion "1"]
[SourceVersionDate "2016.10.25"]
[SourceQuality "1"]

1. d4 Nf6 2. c4 e6 3. g3 c5 4. d5 exd5 5. cxd5 d6 6. Nc3 g6 7. Bg2 Bg7 8. Nf3 0-0 9. 0-0 a6 10. Qa4 Bg4 11. Nd2 Re8 12. h3 Bc8 13. Nc4 Qc7 14. e4 Nbd7 15. f4 Rb8 16. e5 dxe5 17. fxe5 Nxe5 18. Nxe5 Qxe5 19. Bf4 Qd4+ 20. Qxd4 cxd4 21. Bxb8 dxc3 22. bxc3 Bxh3 23. Bxh3 Rxb8 24. Bg2 Ng4 25. Rac1 Bh6 26. Rce1 Be3+ 27. Kh1 Bc5 28. Re2 Rd8 29. Rf4 f5 30. Rc4 1/2-1/2

[Event "ITA-ch B"]
[Site "Civitanova Marche"]
[Date "2012.07.21"]
[Round "7"]
[White "Iori, Massimiliano"]
[Black "Mastroddi, Emiliano"]
[Result "1-0"]
[WhiteElo "1962"]
[BlackElo "2089"]
[PlyCount "61"]
[EventDate "2012.07.15"]
[EventType "swiss"]
[EventRounds "8"]
[EventCountry "ITA"]
[SourceTitle "EXT 2023"]
[Source "ChessBase"]
[SourceDate "2022.10.05"]
[SourceVersion "1"]
[SourceVersionDate "2022.10.05"]
[SourceQuality "1"]

1. d4 Nf6 2. Bf4 g6 3. e3 Bg7 4. Nf3 d6 5. Be2 0-0 6. h3 b6 7. 0-0 Bb7 8. c4 Ne4 9. Nbd2 Nxd2 10. Qxd2 Nd7 11. Rad1 Nf6 12. b3 Ne4 13. Qc2 c5 14. d5 Nc3 15. Rd3 Nxe2+ 16. Qxe2 b5 17. Qc2 b4 18. e4 a5 19. e5 a4 20. exd6 exd6 21. Re1 axb3 22. axb3 Qd7 23. Rde3 Ra1 24. Rxa1 Bxa1 25. Qe2 Bf6 26. g4 Bc8 27. Bh6 Bg7 28. Re7 Qd8 29. Bxg7 Kxg7 30. Qb2+ Kg8 31. Qf6 1-0

[Event "Forni di Sopra op 3rd"]
[Site "Forni di Sopra"]
[Date "2012.06.17"]
[Round "2"]
[White "Mastroddi, Emiliano"]
[Black "Litrico, Paolo"]
[Result "1/2-1/2"]
[WhiteElo "2089"]
[BlackElo "1975"]
[PlyCount "106"]
[EventDate "2012.06.16"]
[EventType "swiss"]
[EventRounds "9"]
[EventCountry "ITA"]
[SourceTitle "CBM 149 Extra"]
[Source "ChessBase"]
[SourceDate "2012.08.24"]
[SourceVersion "1"]
[SourceVersionDate "2012.08.24"]
[SourceQuality "1"]

1. e4 e5 2. Nf3 Nc6 3. d4 exd4 4. Nxd4 Bb4+ 5. c3 Bc5 6. Be3 Bb6 7. Be2 Nf6 8. Nd2 d6 9. f4 Bd7 10. Bf3 Qe7 11. 0-0 0-0 12. Qe2 Rae8 13. Rfe1 a6 14. h3 Nxd4 15. Bxd4 Bxd4+ 16. cxd4 Bb5 17. Qf2 b6 18. a4 Bc6 19. g4 Qd8 20. g5 Nd7 21. a5 bxa5 22. Rxa5 Bb5 23. Be2 c6 24. b4 Qb6 25. Bxb5 axb5 26. Rea1 Rb8 27. Ra6 Qc7 28. Qe3 f6 29. Nf3 c5 30. dxc5 dxc5 31. gxf6 gxf6 32. Ra7 Rb7 33. Rxb7 Qxb7 34. bxc5 Rc8 35. Rc1 Qa7 36. Qb3+ Kg7 37. Qxb5 Rxc5 38. Rxc5 Nxc5 39. Kg2 Nxe4 40. Qe2 Nc3 41. Qe6 Qf7 42. Qg4+ Qg6 43. Nh4 Qxg4+ 44. hxg4 Nd5 45. Kf3 Ne7 46. Ke4 Kf8 47. Nf3 Kg7 48. Nd4 Kg6 49. Ne6 f5+ 50. gxf5+ Nxf5 51. Nf8+ Kg7 52. Nxh7 Ng3+ 53. Kf3 Nh5 1/2-1/2

[Event "Forni di Sopra op 3rd"]
[Site "Forni di Sopra"]
[Date "2012.06.16"]
[Round "1"]
[White "Sundararajan, Kidambi"]
[Black "Mastroddi, Emiliano"]
[Result "1-0"]
[WhiteElo "2447"]
[BlackElo "2089"]
[PlyCount "75"]
[EventDate "2012.06.16"]
[EventType "swiss"]
[EventRounds "9"]
[EventCountry "ITA"]
[SourceTitle "CBM 149 Extra"]
[Source "ChessBase"]
[SourceDate "2012.08.24"]
[SourceVersion "1"]
[SourceVersionDate "2012.08.24"]
[SourceQuality "1"]

1. d4 d5 2. c4 e6 3. Nf3 c6 4. g3 Nf6 5. Bg2 Bd6 6. Nc3 Nbd7 7. Nd2 0-0 8. 0-0 Re8 9. e4 dxe4 10. Ndxe4 Be7 11. Bf4 Nxe4 12. Nxe4 Nf6 13. Nc3 Qb6 14. Na4 Qa5 15. a3 Bd7 16. b4 Qd8 17. Nc5 b6 18. Nb7 Qc8 19. Nd6 Bxd6 20. Bxd6 Qd8 21. a4 Rc8 22. Qe2 h6 23. Rfd1 a6 24. Be5 Qe7 25. c5 Nd5 26. Qxa6 bxc5 27. bxc5 Ra8 28. Qb7 Rec8 29. Rdc1 Ra5 30. Bxd5 exd5 31. Re1 Qd8 32. Bd6 Be6 33. Rxe6 fxe6 34. Be5 Qf8 35. Bxg7 Qd8 36. Be5 Qf8 37. Ra3 Re8 38. Qxc6 1-0

[Event "Porto San Giorgio op 23rd"]
[Site "Porto San Giorgio"]
[Date "2011.08.26"]
[Round "7"]
[White "Bentivegna, Francesco"]
[Black "Mastroddi, Emiliano"]
[Result "1-0"]
[WhiteElo "2330"]
[BlackElo "2083"]
[PlyCount "121"]
[EventDate "2011.08.21"]
[EventType "swiss"]
[EventRounds "9"]
[EventCountry "ITA"]
[SourceTitle "CBM 144 Extra"]
[Source "ChessBase"]
[SourceDate "2011.10.28"]
[SourceVersion "1"]
[SourceVersionDate "2011.10.28"]
[SourceQuality "1"]

1. e4 d5 2. exd5 Qxd5 3. Nc3 Qa5 4. Bc4 Nf6 5. d3 c6 6. Bd2 Qc7 7. Qe2 Bf5 8. Nf3 e6 9. h3 Nbd7 10. Nh4 Bg6 11. 0-0-0 0-0-0 12. f4 Bd6 13. Qf3 Nb6 14. Bb3 Nbd5 15. Nxd5 Nxd5 16. f5 Bxf5 17. Nxf5 exf5 18. Qxf5+ Qd7 19. Rhf1 Qxf5 20. Rxf5 f6 21. Bxd5 cxd5 22. Rxd5 Rhe8 23. Rd4 Re2 24. Rg4 g5 25. Re1 Rxe1+ 26. Bxe1 Bf4+ 27. Bd2 h5 28. Rxf4 gxf4 29. Bxf4 h4 30. g4 hxg3 31. Bxg3 Rg8 32. Bf2 a6 33. Kd2 Kd7 34. Ke2 Ke6 35. Kf3 Kf5 36. c4 Rc8 37. b3 Rc7 38. d4 Rd7 39. d5 Rd8 40. Bg3 b5 41. Ke3 bxc4 42. bxc4 Rg8 43. Bf2 Ke5 44. Kd3 f5 45. Be1 Re8 46. h4 f4 47. h5 Kd6 48. Bb4+ Kd7 49. Bd2 f3 50. Be3 Kd6 51. h6 Rh8 52. Ke4 f2 53. c5+ Kd7 54. Bxf2 Rxh6 55. Bg3 a5 56. a4 Rg6 57. Bf4 Rg1 58. c6+ Kc8 59. d6 Rd1 60. Kf5 Rd3 61. Ke4 1-0

[Event "Porto San Giorgio op 23rd"]
[Site "Porto San Giorgio"]
[Date "2011.08.23"]
[Round "3"]
[White "Gilevich, Artem"]
[Black "Mastroddi, Emiliano"]
[Result "1-0"]
[WhiteElo "2264"]
[BlackElo "2083"]
[PlyCount "129"]
[EventDate "2011.08.21"]
[EventType "swiss"]
[EventRounds "9"]
[EventCountry "ITA"]
[SourceTitle "CBM 144 Extra"]
[Source "ChessBase"]
[SourceDate "2011.10.28"]
[SourceVersion "1"]
[SourceVersionDate "2011.10.28"]
[SourceQuality "1"]

1. d4 Nf6 2. Nf3 g6 3. c4 Bg7 4. Nc3 0-0 5. e4 d6 6. Be2 e5 7. 0-0 Na6 8. Re1 exd4 9. Nxd4 Nc5 10. Bf1 Re8 11. f3 Ne6 12. Nxe6 Bxe6 13. Bg5 h6 14. Be3 a6 15. Qd2 Kh7 16. Rac1 Nd7 17. b3 Ne5 18. Red1 f5 19. exf5 Bxf5 20. Qf2 Qe7 21. Nd5 Qf7 22. h3 Rad8 23. g4 Be6 24. f4 Nc6 25. Bg2 Rg8 26. Rc2 Rde8 27. a3 a5 28. Kh1 h5 29. Qg3 hxg4 30. hxg4 Rh8 31. Rf2 Qd7 32. Bf3 Kg8+ 33. Kg1 Ne7 34. Bc1 Nxd5 35. cxd5 Bf7 36. Rc2 c5 37. dxc6 bxc6 38. Rxc6 Qa7+ 39. Kg2 Bxb3 40. Rdxd6 Bf7 41. Rd2 a4 42. Rdc2 Qd7 43. Rc7 Qd6 44. Rc8 Bf6 45. g5 Bd4 46. Rxe8+ Bxe8 47. Qe1 Qf8 48. f5 gxf5 49. Bc6 Rh2+ 50. Kxh2 Qd6+ 51. Bf4 Qxf4+ 52. Qg3 Bg1+ 53. Kg2 Bxc6+ 54. Rxc6 Qxg3+ 55. Kxg3 Be3 56. Rf6 Bc1 57. Rxf5 Bxa3 58. Ra5 Bd6+ 59. Kg4 a3 60. Kf5 Be7 61. Kg6 Bb4 62. Ra8+ Bf8 63. Rb8 a2 64. Ra8 a1Q 65. Rxa1 1-0

[Event "Porto Mannu op"]
[Site "Porto Mannu"]
[Date "2009.05.21"]
[Round "7"]
[White "Van Eijk, Sander"]
[Black "Mastroddi, Emiliano"]
[Result "1-0"]
[WhiteElo "2319"]
[BlackElo "2074"]
[PlyCount "81"]
[EventDate "2009.05.16"]
[EventType "swiss"]
[EventRounds "9"]
[EventCountry "ITA"]
[SourceTitle "CBM 130 Extra"]
[Source "ChessBase"]
[SourceDate "2009.07.02"]
[SourceVersion "2"]
[SourceVersionDate "2009.07.15"]
[SourceQuality "1"]

1. e4 c5 2. Nf3 d6 3. d4 cxd4 4. Nxd4 Nf6 5. Nc3 g6 6. Be3 Bg7 7. f3 Nc6 8. Qd2 0-0 9. 0-0-0 d5 10. Kb1 Nxd4 11. e5 Nf5 12. exf6 Bxf6 13. Nxd5 Qxd5 14. Qxd5 Nxe3 15. Qd3 Nxd1 16. Qxd1 Be6 17. Bd3 Rfd8 18. Qe1 Rd6 19. Qa5 a6 20. h4 Rad8 21. a3 b5 22. h5 Bc4 23. Bxc4 bxc4 24. Qc7 Rd1+ 25. Rxd1 Rxd1+ 26. Ka2 gxh5 27. Qxc4 a5 28. Qe2 Rd6 29. f4 h4 30. b4 axb4 31. axb4 Rd4 32. Qg4+ Kf8 33. Kb3 e5 34. Qc8+ Kg7 35. fxe5 Bxe5 36. b5 Rd2 37. Qg4+ Kf8 38. Qb4+ Rd6 39. Qxh4 h6 40. Qe4 Re6 41. c4 1-0

[Event "Porto Mannu op"]
[Site "Porto Mannu"]
[Date "2009.05.18"]
[Round "3"]
[White "Mastroddi, Emiliano"]
[Black "Miedema, David"]
[Result "0-1"]
[WhiteElo "2074"]
[BlackElo "2370"]
[PlyCount "76"]
[EventDate "2009.05.16"]
[EventType "swiss"]
[EventRounds "9"]
[EventCountry "ITA"]
[SourceTitle "CBM 130 Extra"]
[Source "ChessBase"]
[SourceDate "2009.07.02"]
[SourceVersion "2"]
[SourceVersionDate "2009.07.15"]
[SourceQuality "1"]

1. e4 e6 2. d4 d5 3. Nc3 Bb4 4. e5 Ne7 5. a3 Bxc3+ 6. bxc3 c5 7. Qg4 0-0 8. Bd3 Nbc6 9. Qh5 Ng6 10. Be3 Qa5 11. Bd2 c4 12. Bxg6 fxg6 13. Qd1 Bd7 14. h4 Be8 15. Ne2 b5 16. Ng3 h6 17. Qg4 Nd8 18. f4 Qc7 19. Ke2 a5 20. h5 Qf7 21. Rab1 Rb8 22. a4 b4 23. cxb4 Nc6 24. b5 Nxd4+ 25. Kd1 gxh5 26. Nxh5 Qg6 27. Qxg6 Bxg6 28. Rb2 Rbc8 29. Bxa5 Ra8 30. Bc3 Rxa4 31. Kd2 Nf5 32. g4 Ne7 33. Bb4 d4 34. c3 Nd5 35. Rc1 Rxb4 36. Rxb4 dxc3+ 37. Rxc3 Nxb4 38. Rxc4 Nd5 0-1

[Event "Milan Crespi op-A 29th"]
[Site "Milan"]
[Date "2008.12.13"]
[Round "9"]
[White "Mastroddi, Emiliano"]
[Black "Garano, Nicola"]
[Result "1/2-1/2"]
[WhiteElo "2069"]
[BlackElo "2251"]
[PlyCount "91"]
[EventDate "2008.12.06"]
[EventType "swiss"]
[EventRounds "9"]
[EventCountry "ITA"]
[SourceTitle "CBM 130 Extra"]
[Source "ChessBase"]
[SourceDate "2009.07.02"]
[SourceVersion "2"]
[SourceVersionDate "2009.07.15"]
[SourceQuality "1"]

1. e4 c5 2. Nf3 Nc6 3. Bb5 g6 4. 0-0 Bg7 5. Re1 Nf6 6. e5 Nd5 7. Nc3 Nc7 8. Bxc6 dxc6 9. Ne4 Ne6 10. d3 0-0 11. Be3 b6 12. Qd2 Nd4 13. Nxd4 cxd4 14. Bh6 Be6 15. Bxg7 Kxg7 16. f4 Qd7 17. Rf1 f6 18. Rae1 h6 19. exf6+ exf6 20. Ng3 Bd5 21. Re2 h5 22. Rfe1 Rae8 23. a3 h4 24. Rxe8 Rxe8 25. Rxe8 Qxe8 26. Qe2 Qd7 27. Nf1 c5 28. Nd2 h3 29. g3 Bc6 30. Kf2 Kf7 31. g4 Qd5 32. Qf3 Qd6 33. Ne4 Qb8 34. Kg3 Ke7 35. Qe2 Kf7 36. Qf3 g5 37. Nxg5+ fxg5 38. Qxc6 Qxf4+ 39. Kxh3 Qe3+ 40. Kg2 Qe2+ 41. Kg3 Qe1+ 42. Kg2 Qd2+ 43. Kg3 Qf4+ 44. Kh3 Ke7 45. Qb7+ Kf6 46. Qc6+ 1/2-1/2